| 000 | 01090nam a2200277 a 4500 | ||
|---|---|---|---|
| 001 | BRL_1491 | ||
| 005 | 20190320211231.0 | ||
| 008 | 270114s19uu----mx-ao#####---#000-0#spa-# | ||
| 041 | _aspa | ||
| 044 | _amx | ||
| 050 | 4 |
_aF1221.M39 _b.M39 1900 |
|
| 245 | 1 | 0 |
_aMayo Máscaras _cdibujos Alberto Beltrán ; fotógrafos Milosh Trnka [y] Oscar Torrero. |
| 260 |
_a[Sinaloa] _bGobierno del Estado de Sinaloa, Dirección de Investigación y Fomento de Cultura Regional _c[19--] |
||
| 300 |
_a43 p. _bil., fotografías (algunas a color) _c21 cm. |
||
| 440 | 0 |
_aRescate y divulgación _923231 |
|
| 500 | _aAu1742 | ||
| 500 | _aEstado físico: Ultimas hojas desprendidas. | ||
| 505 | 0 | _aContenido: El hombre y la máscara / José Chávez Morado.- Las máscaras entre los indígenas mayos / Juan Manual Gómez y Mariangela Rodríguez. | |
| 650 | 1 | 4 |
_aMayos _xMáscaras _927080 |
| 650 | 1 | 4 |
_aIndigenas de México _xMáscaras _927081 |
| 700 | 1 |
_aBeltrán, Alberto _eil. _99572 |
|
| 700 | 1 |
_aTrnka, Milosh _eil. _927082 |
|
| 700 | 1 |
_aTorrero, Oscar _eil. _927083 |
|
| 902 | _aGRL | ||
| 942 |
_2lcc _cB |
||
| 999 |
_c10301 _d10301 |
||